Human sexuality in a world of diversity / (Record no. 18398)

000 -LEADER
fixed length control field 01143cam a2200289 a 4500
001 - CONTROL NUMBER
control field 13600179
003 - CONTROL NUMBER IDENTIFIER
control field OSt
005 - DATE AND TIME OF LATEST TRANSACTION
control field 20161219092810.0
008 - FIXED-LENGTH DATA ELEMENTS--GENERAL INFORMATION
fixed length control field 040520s2005 maua b 001 0 eng
010 ## - LIBRARY OF CONGRESS CONTROL NUMBER
LC control number 2004050545
020 ## - INTERNATIONAL STANDARD BOOK NUMBER
International Standard Book Number 0205406157 (casebound : alk. paper)
020 ## - INTERNATIONAL STANDARD BOOK NUMBER
International Standard Book Number 0205439314 (paper : alk. paper)
040 ## - CATALOGING SOURCE
Original cataloging agency DLC
Transcribing agency DLC
Modifying agency DLC
042 ## - AUTHENTICATION CODE
Authentication code pcc
050 00 - LIBRARY OF CONGRESS CALL NUMBER
Classification number HQ21
Item number .R23 2005
082 00 - DEWEY DECIMAL CLASSIFICATION NUMBER
Classification number 306.7
Edition number 22
100 1# - MAIN ENTRY--PERSONAL NAME
Personal name Rathus, Spencer A.
245 10 - TITLE STATEMENT
Title Human sexuality in a world of diversity /
Statement of responsibility, etc. Spencer A. Rathus, Jeffrey S. Nevid, Lois Fichner-Rathus.
250 ## - EDITION STATEMENT
Edition statement 6th ed.
260 ## - PUBLICATION, DISTRIBUTION, ETC. (IMPRINT)
Place of publication, distribution, etc. Boston :
Name of publisher, distributor, etc. Pearson Allyn and Bacon,
Date of publication, distribution, etc. c2005.
300 ## - PHYSICAL DESCRIPTION
Extent xxxi, 663, [52] p. :
Other physical details col. ill. ;
Dimensions 28 cm.
504 ## - BIBLIOGRAPHY, ETC. NOTE
Bibliography, etc Includes bibliographical references ([R1]-R21) and indexes.
650 #0 - SUBJECT ADDED ENTRY--TOPICAL TERM
Topical term or geographic name as entry element Sex.
700 1# - ADDED ENTRY--PERSONAL NAME
Personal name Nevid, Jeffrey S.
700 1# - ADDED ENTRY--PERSONAL NAME
Personal name Fichner-Rathus, Lois,
Dates associated with a name 1953-
906 ## - LOCAL DATA ELEMENT F, LDF (RLIN)
a 7
b cbc
c orignew
d 1
e ocip
f 20
g y-gencatlg
942 ## - ADDED ENTRY ELEMENTS (KOHA)
Source of classification or shelving scheme
Koha item type Hard Covered Materials
Classification part HQ 21 .R23 2005
Holdings
Withdrawn status Lost status Source of classification or shelving scheme Damaged status Not for loan Home library Current library Shelving location Date acquired Source of acquisition Total Checkouts Full call number Barcode Date last seen Price effective from Koha item type
          MACHAKOS UNIVERSITY LIBRARY MACHAKOS UNIVERSITY LIBRARY Open shelf 19/12/2016 Donation (BFA)   HQ 21 .R23 2005 28119 19/12/2016 19/12/2016 Hard Covered Materials
© Machakos University Library, Along The Highway, Machakos Wote Rd, Machakos, Kenya P.O. Box 136 - 90100 Machakos - Kenya

Tel: ( +254 ) 723 805829 OR Fax : 044-20353 OR Email: library@mksu.ac.ke